000 00281nam a22001337a 4500
008 180306b xxu||||| |||| 00| 0 eng d
020 _a9780558547011
041 _aeng
080 _a51
100 _a38
101 _amat
245 _acollege algebra
_cjohn.t
942 _2udc
_cBK
999 _c44199
_d44199